<?xml version="1.0" encoding="UTF-8"?><?xml-stylesheet type="text/xsl" href="static/style.xsl"?><OAI-PMH xmlns="http://www.openarchives.org/OAI/2.0/" xmlns:xsi="http://www.w3.org/2001/XMLSchema-instance" xsi:schemaLocation="http://www.openarchives.org/OAI/2.0/ http://www.openarchives.org/OAI/2.0/OAI-PMH.xsd"><responseDate>2026-04-17T01:06:56Z</responseDate><request verb="GetRecord" identifier="oai:www.recercat.cat:10459.1/69546" metadataPrefix="marc">https://recercat.cat/oai/request</request><GetRecord><record><header><identifier>oai:recercat.cat:10459.1/69546</identifier><datestamp>2024-12-05T22:54:26Z</datestamp><setSpec>com_2072_3622</setSpec><setSpec>col_2072_479130</setSpec></header><metadata><record xmlns="http://www.loc.gov/MARC21/slim" xmlns:dcterms="http://purl.org/dc/terms/" xmlns:xsi="http://www.w3.org/2001/XMLSchema-instance" xmlns:doc="http://www.lyncode.com/xoai" xsi:schemaLocation="http://www.loc.gov/MARC21/slim http://www.loc.gov/standards/marcxml/schema/MARC21slim.xsd">
   <leader>00925njm 22002777a 4500</leader>
   <datafield ind2=" " ind1=" " tag="042">
      <subfield code="a">dc</subfield>
   </datafield>
   <datafield ind2=" " ind1=" " tag="720">
      <subfield code="a">Velasco González, Alberto</subfield>
      <subfield code="e">author</subfield>
   </datafield>
   <datafield ind2=" " ind1=" " tag="260">
      <subfield code="c">2020-09-24T14:12:36Z</subfield>
   </datafield>
   <datafield ind2=" " ind1=" " tag="260">
      <subfield code="c">2020-09-24T14:12:36Z</subfield>
   </datafield>
   <datafield ind2=" " ind1=" " tag="260">
      <subfield code="c">2017</subfield>
   </datafield>
   <datafield ind2=" " ind1=" " tag="260">
      <subfield code="c">2020-09-24T14:12:36Z</subfield>
   </datafield>
   <datafield ind2=" " ind1=" " tag="520">
      <subfield code="a">Aquest estudi esdevé una primera aproximació a la personalitat de Josep Gudiol i Cunill com a historiador de la pintura gòtica catalana. El text presenta Gudiol com un dels pares de la moderna història de l’art a Catalunya, i desgrana part de la seva trajectòria científica posant èmfasi en aquelles publicacions o línies metodològiques que van singularitzar el seu treball. Partint dels escassos estudis previs, especialment els de Josep Puiggarí, i en paral·lel a les recerques de Raimon Casellas i Salvador Sanpere i Miquel, Gudiol va conre-ar el positivisme amb la publicació de documentació que aportava informació sobre el des-envolupament de la pintura catalana als segles xiv i xv. Tanmateix, es va singularitzar dels seus contemporanis en endinsar-se en terrenys com el de l’anàlisi iconogràfica, l’associa-ció de fonts textuals a les escenes representades als retaules, o la interpretació, significació i contextualització litúrgica de les obres. Aquest darrer aspecte el fa esdevenir un absolut pioner en el context hispà, ja que la seva amplitud de mires a l’hora d’enfrontar-se a les representacions el situa al nivell de referents internacionals com Émile Mâle.</subfield>
   </datafield>
   <datafield ind2=" " ind1=" " tag="520">
      <subfield code="a">This study becomes a first approach to the personality of Josep Gudiol Cunill as historian of Catalan Gothic painting. The text presents Gudiol as one of the fathers of modern art history in Catalonia, and goes deep into his scientific career with an emphasis on those publications or methodological lines that distinguish his work. Based on the previous few studies, especially by Joseph Puiggarí and in parallel to those of Raimon Casellas and Salvador Sanpere i Miquel, Gudiol carried out positivism with the publication of documents with informations about the development of Catalan painting in the fourteenth and fifteenth centuries. However, it was sin-gled out from his contemporaries thanks to his studies in areas such as the iconographic analysis, the association of textual sources to the scenes depicted in the altarpieces, or the interpretation, meaning and context of liturgical works. The latter makes him become an absolute pioneer in the Hispanic context, since its open-mindedness when confronting representations puts him on the level of international benchmarks such as Émile Mâle.</subfield>
   </datafield>
   <datafield ind1="8" ind2=" " tag="024">
      <subfield code="a">http://hdl.handle.net/10459.1/69546</subfield>
   </datafield>
   <datafield tag="653" ind2=" " ind1=" ">
      <subfield code="a">Pintura gòtica</subfield>
   </datafield>
   <datafield tag="653" ind2=" " ind1=" ">
      <subfield code="a">Catalunya</subfield>
   </datafield>
   <datafield tag="653" ind2=" " ind1=" ">
      <subfield code="a">Josep Gudiol i Cunill</subfield>
   </datafield>
   <datafield tag="653" ind2=" " ind1=" ">
      <subfield code="a">Museu Episcopal de Vic</subfield>
   </datafield>
   <datafield tag="653" ind2=" " ind1=" ">
      <subfield code="a">Historiografia</subfield>
   </datafield>
   <datafield tag="653" ind2=" " ind1=" ">
      <subfield code="a">Gothic painting</subfield>
   </datafield>
   <datafield tag="653" ind2=" " ind1=" ">
      <subfield code="a">Catalonia</subfield>
   </datafield>
   <datafield tag="653" ind2=" " ind1=" ">
      <subfield code="a">Historiography</subfield>
   </datafield>
   <datafield ind2="0" ind1="0" tag="245">
      <subfield code="a">Mossèn Josep Gudiol Cunill, historiador de la pintura gòtica catalana (2ª part)</subfield>
   </datafield>
   <datafield ind2="0" ind1="0" tag="245">
      <subfield code="a">Revd. Josep Gudiol i Cunill, historian of the Catalan Gothic Painting</subfield>
   </datafield>
</record></metadata></record></GetRecord></OAI-PMH>